| 000 | 00977nam a22002537a 4500 | ||
|---|---|---|---|
| 008 | 081119t xxu||||| |||| 00| 0 eng d | ||
| 010 | _aENG-91652 | ||
| 020 |
_a9788190713078 _c690.00 |
||
| 035 | _aEN-75185 | ||
| 037 | _bDBAD / PUB | ||
| 040 |
_adpl _bEnglish |
||
| 082 | _a378.015 | ||
| 245 |
_aHigher education and social empowerment / _cedited by Vanita Singh [and] Nirmala Sharma |
||
| 260 |
_aNew Delhi _bAlfa Publications _c2008 |
||
| 270 |
_a4398/5, Ansari Road, Daryaganj, _bNew Delhi _e110002 |
||
| 300 |
_av, 264p. _c22cm (Hb) |
||
| 500 | _aIncludes index | ||
| 650 |
_aEducation, Higher _xSocial aspects. |
||
| 650 |
_aEducation, Higher _xAims and objectives. |
||
| 700 | _aSingh, Vanita | ||
| 700 | _aSharma, Nirmala | ||
| 942 |
_2ddc _cEN _mHIG _h378.015 |
||
| 999 |
_c18677 _d18677 |
||